02351agaaa2200361 45000010005000000030009000050050017000140070009000310080040000400400023000800410013001031000051001161300045001672400037002122450222002492460030004712500022005012600095005233000034006185080174006525110081008265200454009075380016013615460013013776500068013907000063014587000069015217000067015907000062016579420012017199990019017319520239017501483IT-RoPAU20220918181253.0d cvaizq50131s9999||||xx ||| | || ||und|| aIT-RoPAUcIT-RoPAU aITALIANO aBunuel LuisgCodice regista SPICS: 8694936748 aQUELL'OSCURO OGGETTO DI DESIDERIO950105 aCET OBSCUR OBJET DU DEDIRgT2356 aQUELL'OSCURO OGGETTO DI DESIDERIOcProdotto da: Silberman Serge -- Sceneggiatura: Bunuel Luis E Carriere Jean-Claude -- Diretto da: Bunuel LuispQUELL'OSCURO OGGETTO DI DESIDERIO (Rif. Codice opera principale : 21483) aCET OBSCUR OBJET DU DEDIR aEdizione Standard a(FRANCIA)bGREENWICH / Distribuzione: RAIg"1977 (1° ed.: 1983 ; Ed. Lingua Orig.: 1977)" aVHSbsonoro, col.c110 minuti a"Fotografia: Richard Edmond; Montaggio: Plenianikov H.; Musica: Wagner Richard; Sceneggiatura: Bunuel Luis E Carriere Jean-Claude; Soggetto: Louys Pierre -- Bunuel Luis" a"Rey Fernando; Bouquet Carole; Molina Angela; Bertheau Julien; Weber Andre'" aISPIRATO A LA FEMME ET LE PANTIN DI PIERRE LOUYS. IL VECCHIO MATHIEU SI INNAMORA PAZZAMENTE DELLA GIOVANE CONCHITA. COSTEI GLI FA MANTENERE ANCHE LAMADRE E CONCEDE ALL'UOMO QUEL TANTO CHE BASTA PER TENERLO LEGATO. IL POVERO MATHIEU E' DUNQUE COSTANTEMENTE FRUSTATO LOTTA DISPERATAMENTE PER LIBERARSI DELLA RAGAZZA MA NON CI RIESCE. DI LITE IN LITE IL VECCHIO E LA RAGAZZA CONTINUANO LA LORO TORMENTATA RELAZIONE. FILM DRAMMATICO. DRAMMA PSICOLOGICO. aPAL, STEREO aITALIANO aDRAMMA PSICOLOGeFILMS [VHS]xCodice MATERIA SPICS: 9960950106 aBunuel Luis e(regista)gCodice regista SPICS: 8694936748 aBunuel Luis e(soggetto)gCodice Soggetto 2° SPICS: 8694950107 aLouys Pierre e(soggetto)gCodice Soggetto SPICS: 34063950108 aWagner Richarde(musica)gCodice Musica SPICS: 563950109 cVH2ddc c107042d107042 001040621483_00000000000000071aSPICSbSPICSd2015-01-31l0o21483r2015-01-31 00:00:00w2015-01-31yVHzProgr. Ins.: 1279 / N.Vol.:1 / Copie: 1 / Pag.: / Copia rara: n.d. / date import: 1.2.2015 / By Epidotti, Trombetti, Vaglietti